Truyện kể dân gian các tộc người Nam Đảo

Bewaard in:
Bibliografische gegevens
Hoofdauteur: Phan Xuân Viện
Formaat: Boek
Taal:Vietnamese
Gepubliceerd in: H. Đại họa Quốc gia 2010
Reeks:Hội văn nghệ dân gian Việt Nam
Onderwerpen:
Tags: Voeg label toe
Geen labels, Wees de eerste die dit record labelt!
Thư viện lưu trữ: Mạng thư viện Đại học Đà Nẵng
LEADER 01066nam a2200325 4500
001 000015818
003 12202
005 20120605140611.0
008 120605s2010 viesd
041 0 |a vie 
082 |a 398.2089597  |b PH-V 
100 0 |a Phan Xuân Viện 
245 0 |a Truyện kể dân gian các tộc người Nam Đảo  |c Phan Xuân Viện 
260 |a H.  |b Đại họa Quốc gia  |c 2010 
300 |a 782 tr.  |c 21 cm 
490 |a Hội văn nghệ dân gian Việt Nam 
653 |a Truyện kể 
653 |a Tộc người 
653 |a Nam Đảo 
653 |a Dân gian 
OWN |a LSP 
AVA |a UDN50  |b LSP  |d 398.2089597 PH-V  |e available  |t Error 5001 Not defined in file expand_doc_bib_avail.  |f 1  |g 0  |h N  |i 0  |k 1 
999 |a From the UDN01 
AVA |a UDN50  |b LSP  |d 398.2089597 PH-V  |e available  |t Error 5001 Not defined in file expand_doc_bib_avail.  |f 1  |g 0  |h N  |i 0  |k 1 
TYP |a Monograph 
TYP |a Printed language 
980 |a Mạng thư viện Đại học Đà Nẵng